| 000 | 00958cam a22002654a 4500 | ||
|---|---|---|---|
| 999 |
_c355187 _d355187 |
||
| 001 | 13885088 | ||
| 003 | Nust- CAS-E | ||
| 005 | 20180118182407.0 | ||
| 008 | 050228s2005 maua b 001 0 eng | ||
| 010 | _a 2005041652 | ||
| 020 | _a0262201537 | ||
| 040 |
_aDLC _cDLC _dDLC |
||
| 042 | _apcc | ||
| 050 | 0 | 0 |
_aTJ808 _b.S85 2005 |
| 082 | 0 | 0 |
_a333.79/4 _222 _bTES 2005 |
| 245 | 0 | 0 |
_aSustainable energy : _bchoosing among options / _cJefferson W. Tester ... [et al.]. |
| 260 |
_aCambridge, Mass. : _bMIT Press, _c2005. |
||
| 300 |
_axxiii, 846 p. : _bill. ; _c26 cm. |
||
| 504 | _aIncludes bibliographical references and index. | ||
| 650 | 0 |
_aRenewable energy sources. _92373 |
|
| 700 | 1 |
_aTester, Jefferson W. _98940 |
|
| 906 |
_a7 _bcbc _corignew _d1 _eocip _f20 _gy-gencatlg |
||
| 942 |
_2ddc _cBK |
||